| 000 | 00883nam a2200265 i 4500 | ||
|---|---|---|---|
| 001 | bg | ||
| 100 | 1 | _aGRZELKA, Janusz | |
| 245 | 1 | 0 |
_aPodstawy automatyki : _bzbiór zadań z rozwiązaniami / _cJanusz Grzelka, Eugeniusz Mazur, Wojciech Tutak ; [Politechnika Częstochowska]. |
| 260 |
_aCzęstochowa : _bWydaw. PC, _c2000. |
||
| 300 |
_a203 s. : _bil. ; _c24 cm. |
||
| 490 | 1 |
_aSkrypty Politechniki Częstochowskiej, _x1234-9909 ; _v39 |
|
| 650 | 9 | _aAutomatyka | |
| 655 | _aĆwiczenia i zadania dla szkół wyższych | ||
| 700 | 1 | _aMAZUR, Eugeniusz | |
| 700 | 1 | _aTUTAK, Wojciech | |
| 710 | 0 | _aPolitechnika Częstochowska | |
| 830 |
_aSkrypty Politechniki Częstochowskiej, _x1234-9909 ; |
||
| 020 | _a8371931247 | ||
| 040 | _cBPK | ||
| 041 | 0 | _apl | |
| 080 | _a681.5(075.8)(076) | ||
| 920 | _a83-7193-124-7 | ||
| 942 | _cKS | ||
| 008 | s pl f |000 0 pol | ||
| 999 |
_c39973 _d39973 |
||
| 856 |
_uhttp://koha.tu.koszalin.pl/cgi-bin/koha/opac-detail.pl?biblionumber=39973 _yKatalog online BPK |
||